000
00337nam a22001457a 4500
003
OSt
008
250509b |||||||| |||| 00| 0 eng d
100
_a
UPADYAYA Pandit Ganga Parsadh
245
_a
Sanatan Dharam
250
_a
21th
260
_a
New Delhi
_b
Arya Prakashan
_c
2021
300
_a
68
650
_a
General
942
_2
ddc
_c
BK
999
_c
13569
_d
13569